Keď Duch Svätý píše môj život

Bibliographic Details
Main Author: Vella, Elias, 1941-2022 (Author)
Other Authors: Šuptalová, Alžbeta (Compiler, Translator)
Format: Book
Language:Slovak
German
PhysicalDescription:246 s. 21 cm
Published: Veľký Lapáš Per Immaculatam 2005
ISBN:8096885448
Edition:1. vyd.
Subjects:

MARC

LEADER 00000nam a2200000 a 4500
001 vtls008187615
003 SK-MaSNL
005 20260302074056.0
008 240318s2005 xo f 000 0 slo
015 |a SNBA2005/11-04591 
020 |a 8096885448  |q (brož.) 
035 |a F8668FC5-47C2-4B2B-9CA8-BA6DDBE1C39C 
035 |a urn:nbn:sk:snk-amlfnd 
035 |a urn:nbn:sk:snk-am008xqa 
040 |a SNK  |b slo  |c SNK  |e AACR2 
041 1 |a slo  |h ger 
044 |a xo  |c SK 
072 7 |a 27-1/-2  |x Kresťanská teológia. Dogmatická teológia  |2 konspekt 
080 |a 27-144.896  |2 MDT-MRF 
080 |a 27-184.85  |2 MDT-MRF 
080 |a (049)  |2 MDT-MRF 
080 |a 27-184.3  |2 MDT-MRF 
100 1 |a Vella, Elias,  |d 1941-2022  |4 aut  |9 117029 
245 1 0 |a Keď Duch Svätý píše môj život  |c Elias Vella; [preložila a zostavila Alžbeta Šuplatová] 
250 |a 1. vyd. 
260 |a Veľký Lapáš  |b Per Immaculatam  |c 2005 
300 |a 246 s.  |c 21 cm 
650 0 7 |a kresťanská viera  |2 SNKPH  |9 1712 
650 0 7 |a Duch svätý  |2 SNKPH  |9 1927 
650 0 7 |a duchovné dary  |2 SNKPH  |9 1939 
655 7 |a rozpravy  |2 SNKPH  |9 70559 
700 1 |a Šuptalová, Alžbeta  |4 com  |4 trl  |9 739255 
919 |a 80-968854-4-8 
958 |a OND 
968 |b DT  |d 2 
999 |c 1163587  |d 1165517 
952 |a SNK  |b SNK  |y PREZ  |7 0  |p 17A0480571  |o snkSC 120923  |i snk2005/13564  |8 0  |0 0  |1 0  |4 0  |d 2005-08-02  |f 1  |l 0  |r 2025-05-30 00:00:00  |w 2026-02-24 
952 |a SNK  |b SNK  |y VYP  |7 0  |p 17A0480572  |o snkSC 120923 D1  |i snk2005/13565  |8 0  |0 0  |1 0  |4 0  |d 2005-08-02  |l 0  |r 2026-02-24 20:40:46  |w 2026-02-24